| 000 | 00362nam a2200133Ia 4500 | ||
|---|---|---|---|
| 005 | 20251222143111.0 | ||
| 008 | 251222s9999||||xx |||||||||||||| ||spa|| | ||
| 020 | _a84-97022-57-X | ||
| 082 | _a658.515/H88 | ||
| 100 | _aHuge, Ernest | ||
| 245 | 0 | _aEl Paradigma de la Excelencia en Fabricación | |
| 264 | _bTecnologías de Gerencia y Producción | ||
| 942 | _cLIB | ||
| 999 |
_c11178 _d11178 |
||